000 00761nam a2200205 i 4500
001 147816
003 ES-MaACL
005 20230906202253.0
007 t|
008 071005s1965 sp ||||1| spa d
080 _a871(Séneca, Lucio Anneo 2.06)
100 1 _aUrraca Gaztelu-Urrutia, Francisco Javier.
_9112225
245 1 3 _aLo mágico y lo religioso en el teatro de Séneca :
_btesis doctoral /
_cFrancisco Javier Urraca Gaztelu-Urrutia.
260 _aMadrid :
_bFacultad de Filosofía y Letras,
_c1965.
300 _a32 p. ;
_c19 cm.
502 _aTesis doctoral.
600 1 4 _aSéneca, Lucio Anneo-
_xCrítica e interpretación.
_9144351
710 2 _aUniversidad de Madrid.
_bFacultad de Filosofía y Letras.
_97214
852 _aES-MaACL
_j2055-F-12
999 _c147816
_d147816